Flower Boy Tracklist - Statistics

General Stats
  • This quiz has been taken 30 times
  • The average score is 11 of 14
Answer Stats
# Answer Streams Artist(s) % Correct
4 See You Again 2,880,105,305 Tyler, The Creator ft. Kali Uchis
100%
10 911 / Mr. Lonely 456,949,519 Tyler, The Creator ft. Frank Ocean & Steve Lacy
92%
8 Boredom 361,390,284 Tyler, The Creator ft. Rex Orange County & Anna of the North
92%
5 Who Dat Boy 282,605,533 Tyler, The Creator ft. A$AP Rocky
92%
1 Foreword 135,267,480 Tyler, The Creator ft. Rex Orange County
85%
7 Garden Shed 135,489,497 Tyler, The Creator ft. Estelle
85%
2 Where This Flower Blooms 286,903,248 Tyler, The Creator ft. Frank Ocean
85%
11 Droppin' Seeds 80,319,746 Tyler, The Creator ft. Lil Wayne
77%
13 Glitter 263,064,013 Tyler, The Creator
77%
14 Enjoy Right Now, Today 55,234,005 Tyler, The Creator
69%
12 November 124,558,316 Tyler, The Creator
69%
6 Pothole 113,747,554 Tyler, The Creator ft. Jaden Smith
69%
9 I Ain't Got Time! 115,704,739 Tyler, The Creator
62%
3 Sometimes... 72,614,748 Tyler, The Creator
62%
No matching quizzes found
Score Distribution
Percent of People with Each Score
Percentile by Number Answered
Your Score History
You have not taken this quiz